[Event "BCF-chT4S 2324 (4NCL)"]
[Site "England"]
[Date "2024.02.11"]
[Round "6.126"]
[White "Matilal, Tamal"]
[Black "Page, Cristina"]
[Result "1-0"]
[WhiteElo "1322"]
[BlackElo "994"]
[PlyCount "45"]
[EventDate "2024.02.11"]
[EventType "team-swiss"]
[EventRounds "11"]
[EventCountry "ENG"]
[SourceTitle "EXT 2025"]
[Source "ChessBase"]
[SourceDate "2024.10.14"]
[SourceVersion "1"]
[SourceVersionDate "2024.10.14"]
[SourceQuality "1"]
[WhiteTeam "Oxford IV"]
[BlackTeam "Barnet Knights III"]
[WhiteTeamCountry "ENG"]
[BlackTeamCountry "ENG"]

1. Nf3 e6 2. a3 d5 3. b4 c5 4. Bb2 f6 5. bxc5 Bxc5 6. d4 Qb6 7. Qc1 Bd6 8. Nbd2 Ne7 9. e4 dxe4 10. Nxe4 0-0 11. Bd3 Nf5 12. Nxd6 Qxd6 13. Bxf5 exf5 14. 0-0 b6 15. a4 Re8 16. Ba3 Qc6 17. Re1 Rd8 18. Qb2 Bb7 19. Qa2+ Kh8 20. Re7 Na6 21. Qf7 Rg8 22. Rxb7 Rgf8 23. Bxf8 1-0

[Event "BCF-chT4S 2324 (4NCL)"]
[Site "England"]
[Date "2024.02.10"]
[Round "5.116"]
[White "Page, Cristina"]
[Black "Jackson, Gary"]
[Result "0-1"]
[WhiteElo "994"]
[BlackElo "1911"]
[PlyCount "86"]
[EventDate "2024.02.11"]
[EventType "team-swiss"]
[EventRounds "11"]
[EventCountry "ENG"]
[SourceTitle "EXT 2025"]
[Source "ChessBase"]
[SourceDate "2024.10.14"]
[SourceVersion "1"]
[SourceVersionDate "2024.10.14"]
[SourceQuality "1"]
[WhiteTeam "Barnet Knights III"]
[BlackTeam "Oxford III"]
[WhiteTeamCountry "ENG"]
[BlackTeamCountry "ENG"]

1. e4 c5 2. Nc3 d6 3. Nf3 Nf6 4. Bc4 g6 5. 0-0 Bg7 6. h3 0-0 7. d3 Nc6 8. Re1 a6 9. Bf4 b5 10. Bd5 Nxd5 11. exd5 Nb8 12. Bg5 Re8 13. Re3 h6 14. Bf4 b4 15. Ne4 Bxb2 16. Rb1 Bg7 17. Qe1 Rf8 18. Ned2 Ra7 19. Qe2 Kh7 20. Re1 Re8 21. Nc4 Qd7 22. g4 Bb7 23. h4 Bxd5 24. g5 h5 25. Nh2 Bd4 26. Rg3 Bxc4 27. dxc4 Nc6 28. Qe4 Ne5 29. Qd5 e6 30. Qe4 Qa4 31. Rb3 Qxa2 32. Be3 Bc3 33. Re2 a5 34. f4 d5 35. Qg2 Nxc4 36. Bxc5 a4 37. Rxb4 Bxb4 38. Bxb4 Qa1+ 39. Re1 Qd4+ 40. Kh1 Qxf4 41. Nf3 Rf8 42. Qd2 Nxd2 43. Nxd2 Qxh4+ 0-1